Statistics for Top 100 Restaurant Chains in US Sales

Click here to take the quiz!

General Stats

  • This quiz has been taken 478 times
  • The average score is 40 of 100

Answer Stats

RankTypeRestaurant% Correct
1BurgerMcDonald's
99%
4BurgerBurger King
98%
3CoffeeStarbucks Coffee
97%
2SandwichSubway
95%
8PizzaPizza Hut
92%
6MexicanTaco Bell
91%
5BurgerWendy's
90%
7Coffee/DoughnutDunkin' Donuts
88%
9ChickenKFC
87%
15PizzaDomino's Pizza
85%
13Casual Dining (Italian)Olive Garden
79%
11ChickenChick-fil-A
78%
67BurgerIn-N-Out Burger
73%
25PizzaPapa John's Pizza
72%
31ChickenPopeye's Louisiana Kitchen
67%
20Casual Dining (Seafood)Red Lobster
66%
10Casual DiningApplebee's Neighborhood Grill & Bar
64%
24MexicanChipotle Mexican Grill
64%
19Burger/DessertDairy Queen
64%
18SandwichArby's
63%
34ChinesePanda Express
63%
16Bakery-CafePanera Bread
61%
30Convenience Store7-Eleven
60%
12BurgerSonic, America's Drive-In
56%
48BurgerFive Guys Burgers and Fries
55%
22DinerDenny's
54%
77DoughnutKrispy Kreme Doughnuts
53%
14Casual DiningChili's Grill & Bar
51%
28BurgerHardee's
51%
21DinerIHOP
51%
36PizzaLittle Caesars Pizza
51%
59SeafoodLong John Silver's
51%
17BurgerJack in the Box
49%
45SandwichJimmy John's
49%
37BurgerCarl's Jr.
47%
23Casual DiningOutback Steakhouse
47%
80BurgerWhite Castle
46%
83Ice CreamBaskin-Robbins
45%
29Casual DiningT.G.I. Friday's
44%
40BurgerWhataburger
44%
42Casual DiningRed Robin Gourmet Burgers & Spirits
42%
98Pizza/ArcadeChuck E. Cheese's
41%
54SandwichQuiznos Sub
40%
51ChickenChurch's Chicken
39%
32BuffetGolden Corral
39%
39Casual DiningTexas Roadhouse
39%
35Theme ParkDisney theme parks, hotels, and resorts
38%
43HotelHilton Hotels
38%
26Casual DiningBuffalo Wild Wings Grill & Bar
37%
27FamilyCracker Barrel Old Country Store
35%
68MexicanDel Taco
35%
33Casual DiningThe Cheesecake Factory
35%
58BurgerCulver's
34%
49Casual Dining (Chinese)P.F. Chang's China Bistro
33%
56BurgerSteak n Shake
33%
85Bakery-CafeTim Hortons
33%
46DinerWaffle House
33%
95BurgerCheckers
31%
79MexicanQdoba Mexican Grill
31%
38Casual DiningRuby Tuesday
31%
53HotelHoliday Inn
30%
55ChickenZaxby's
30%
57ChickenBojangles' Famous Chicken 'n Biscuits
27%
44Casual DiningLonghorn Steakhouse
27%
60PizzaPapa Murphy's Take 'N' Bake Pizza
27%
81PizzaCiCi's Pizza
24%
41HotelMarriott Hotels & Resorts
24%
76ChickenBoston Market
23%
96PizzaSbarro, The Italian Eatery
23%
78Convenience StoreWawa
23%
52Casual DiningHooter's
22%
47FamilyBob Evans Restaurants
19%
63Casual Dining (Pizza)California Pizza Kitchen
19%
71FamilyFriendly's Ice Cream
18%
91BeverageJamba Juice
18%
94SeafoodCaptain D's Seafood
17%
72ChickenEl Pollo Loco
17%
61FamilyPerkins Restaurant and Bakery
17%
90Convenience StoreSheetz
16%
87In-StoreTarget Cafe
16%
70Convenience StoreCircle K
15%
73In-StoreCostco
14%
66Casual DiningBJ's Restaurant & Brewery
13%
75Casual DiningO'Charley's
13%
99FamilyBig Boy Restaurant & Bakery
12%
62Casual Dining (Italian)Carrabba's Italian Grill
12%
84Casual Dining (BBQ)Famous Dave's
12%
69HotelHyatt Hotels
12%
74SandwichJason's Deli
12%
100Casual Dining (Mexican)On the Border Mexican Grill & Cantina
12%
92Casual DiningCheddar's
10%
97BurgerKrystal
10%
50HotelSheraton Hotels
10%
89Casual Dining (Seafood)Bonefish Grill
9%
82Convenience StoreCasey's General Stores
9%
93Bakery-CafeEinstein Bros. Bagels
8%
64Casual DiningLogan's Roadhouse
8%
86Casual DiningRuth's Chris Steak House
7%
88HotelWestin Hotels & Resorts
6%
65Casual Dining (Italian)Romano's Macaroni Grill
5%

Score Distribution

Percentile by Number Answered

Percent of People with Each Score

Your Score History

You have not taken this quiz